Hollow Knight Spells, Items and Abilities - Statistics

General Stats
  • This quiz has been taken 434 times
  • The average score is 20 of 37
Answer Stats
Area Found Thing % Correct
Crystal Peak Crystal Heart
80%
Greenpath Mothwing Cloak
80%
The Abyss Shade Cloak
75%
Resting Grounds Dream Nail
74%
Crystal Peak Descending Dark
72%
City of Tears Desolate Dive
72%
Forgotten Crossroads Vengeful Spirit
72%
Ancient Basin Monarch Wings
71%
The Abyss Abyss Shriek
70%
Fungal Wastes Mantis Claw
70%
Fog Canyon Howling Wraiths
69%
Royal Waterways Isma's Tear
68%
Ancient Basin/Deepnest/Crystal Peak/Bought/Given Pale Ore
67%
Bought/Almost all areas Mask Shard
64%
Bought/City of Tears/Ancient Basin/Colosseum of Fools Simple Key
63%
City of Tears Shade Soul
62%
Many areas Wanderer's Journal
53%
Kingdom's Edge King's Brand
52%
Queen's Gardens Love Key
52%
Given/Crystal Peak/Resting Grounds/Royal Waterways/Howling Cliffs/Kingdom's Edge/Deepnest King's Idol
51%
Bought/Almost all areas Vessel Fragment
50%
Given/The Abyss Arcane Egg
49%
Almost all areas/Bought Rancid Egg
49%
Given Awoken Dream Nail
48%
Forgotten Crossroads City Crest
48%
Many areas Hallownest Seal
48%
Bought Elegant Key
45%
Deepnest Tram Pass
45%
Given Dreamgate
43%
Bought Lumafly Lantern
43%
Crystal Peak Shopkeeper's Key
39%
Royal Waterways Godtuner
32%
Resting Grounds Delicate Flower
28%
Greenpath Hunter's Journal
23%
Forgotten Crossroads World Sense
23%
Bought Salubra's Blessing
19%
Bought Map and Quill
16%
No matching quizzes found
Score Distribution
Percent of People with Each Score
Percentile by Number Answered
Your Score History
You have not taken this quiz